000 00396nam a22001697a 4500
003 MPLRDC
005 20220104163736.0
008 210129b ||||| |||| 00| 0 eng d
082 _a870.57 DEI
100 _aLEN DEIGHTON
245 _aAN EXPENSIVE PLACE TO DIE
_c
250 _a重印
260 _a
_bGRANADA PUBLISHING LTD
_c1973
300 _b
650 _a
942 _cBK
_o870.57 DEI
999 _c56620
_d56610